[Event "Youth Classic 2018 - Youth Open U14"]
[Site "Bad Soden-Neuenhain, Bürgerhau"]
[Date "2018.10.02"]
[Round "6.14"]
[White "Riemann, Adrian"]
[Black "Leithoff, Hans-Georg"]
[Result "0-1"]
[WhiteElo "933"]
[BlackElo "1413"]
[PlyCount "70"]
[EventDate "2018.??.??"]
[WhiteTeam "SK Bickenbach"]
[BlackTeam "SV Eisenach"]

1. e4 d5 2. Nc3 c6 3. d4 g6 4. Nf3 Bg7 5. exd5 cxd5 6. Bb5+ Bd7 7. Bxd7+ Qxd7
8. Bf4 Nc6 9. Be5 Qe6 10. Qe2 Nf6 11. Ng5 Qf5 12. Bxf6 Qxf6 13. Nf3 Nxd4 14.
Nxd4 Qxd4 15. Rd1 Qb4 16. Qb5+ Qxb5 17. Nxb5 e6 18. Nc7+ Ke7 19. Nxa8 Rxa8 20.
c3 Rb8 21. O-O b5 22. Rd3 b4 23. Rc1 bxc3 24. bxc3 Bh6 25. Rcd1 Rb2 26. Rh3 Bg7
27. Rxh7 Bxc3 28. Rh3 Ba5 29. Ra3 Bb6 30. g3 Rxf2 31. Kh1 Kf6 32. Rdd3 Kg5 33.
h4+ Kg4 34. Ra4+ Kh3 35. Rf4 Rh2# 0-1

[Event "Youth Classic 2018 - Youth Open U14"]
[Site "Bad Soden-Neuenhain, Bürgerhau"]
[Date "2018.10.02"]
[Round "6.15"]
[White "Hery, Bastian"]
[Black "Viebahn, Tim"]
[Result "1-0"]
[WhiteElo "1096"]
[BlackElo "1154"]
[PlyCount "29"]
[EventDate "2018.??.??"]
[WhiteTeam "Vorw.Orient Mainz"]
[BlackTeam "SV Oberursel"]

1. e4 e5 2. Nf3 Nc6 3. Bc4 Bc5 4. c3 d6 5. d4 Bb6 6. dxe5 dxe5 7. Qb3 Nh6 8.
Bxh6 Na5 9. Bxf7+ Ke7 10. Bg5+ Kf8 11. Qa3+ Kxf7 12. Bxd8 Rxd8 13. O-O Nc4 14.
Qb3 Be6 15. Ng5+ 1-0

[Event "Youth Classic 2018 - Youth Open U14"]
[Site "Bad Soden-Neuenhain, Bürgerhau"]
[Date "2018.10.02"]
[Round "6.16"]
[White "Gärtner, Johannes"]
[Black "Wisniewski, Niklas Lorenz"]
[Result "1/2-1/2"]
[WhiteElo "1071"]
[BlackElo "977"]
[PlyCount "60"]
[EventDate "2018.??.??"]
[WhiteTeam "SF Heidesheim"]
[BlackTeam "SC Bad Soden"]

1. d4 d5 2. Bf4 Nf6 3. e3 Bg4 4. Be2 Bxe2 5. Qxe2 Nbd7 6. Nf3 e6 7. O-O Bd6 8.
Bxd6 cxd6 9. Nbd2 O-O 10. c4 Rc8 11. Rfc1 Nb6 12. c5 dxc5 13. dxc5 Nbd7 14. Nb3
Ne4 15. Qb5 Qc7 16. Nfd4 Ndxc5 17. Nxc5 Nxc5 18. b4 a6 19. Qxc5 Qxc5 20. Rxc5
Rxc5 21. bxc5 Rc8 22. Rc1 e5 23. Nf5 Kf8 24. Kf1 g6 25. Ng3 Ke7 26. Ke2 b6 27.
Kd3 Rxc5 28. Rxc5 bxc5 29. Ne2 Kd6 30. f3 f6 1/2-1/2

[Event "Youth Classic 2018 - Youth Open U14"]
[Site "Bad Soden-Neuenhain, Bürgerhau"]
[Date "2018.10.02"]
[Round "6.17"]
[White "Seemann, Max"]
[Black "Nastassine, Alexey"]
[Result "1-0"]
[WhiteElo "1060"]
[BlackElo "881"]
[PlyCount "141"]
[EventDate "2018.??.??"]
[WhiteTeam "SG Idstein"]
[BlackTeam "Frankfurter TV"]

1. e4 e5 2. Nf3 Nc6 3. Bb5 Bc5 4. d3 h6 5. Be3 Bxe3 6. fxe3 d6 7. c3 a6 8.
Bxc6+ bxc6 9. d4 Bg4 10. Nbd2 Bxf3 11. Nxf3 Qf6 12. Qa4 Ne7 13. O-O-O O-O 14.
Rhf1 Qg6 15. g3 Qxe4 16. dxe5 Qxe3+ 17. Kb1 dxe5 18. Rde1 Qd3+ 19. Kc1 f6 20.
Qb3+ Kh8 21. Rd1 Qe2 22. Qc2 Qc4 23. b3 Qe6 24. Rd3 Qh3 25. Re1 Qe6 26. Ng1
Rad8 27. Red1 Rxd3 28. Rxd3 e4 29. Rd4 e3 30. Re4 Qf7 31. Rxe3 Re8 32. Qe2 Kg8
33. Qxa6 Qg6 34. Qd3 Qf7 35. Ne2 Nd5 36. Rxe8+ Qxe8 37. c4 Nb4 38. Qd2 Qe7 39.
a3 Na6 40. Kb2 Qe5+ 41. Qc3 Qxe2+ 42. Qc2 Qe5+ 43. Qc3 Qh5 44. h4 Nc5 45. a4
Ne4 46. Qe3 Qg4 47. Qd4 Qe2+ 48. Kc1 Nxg3 49. Qd2 Qg4 50. a5 Qc8 51. Qg2 Nf5
52. Qxc6 Qb8 53. Qd5+ Kh8 54. Qxf5 Qxb3 55. Qc8+ Kh7 56. Qxc7 Qa3+ 57. Kc2 f5
58. Qb6 f4 59. a6 Qa4+ 60. Kd3 Qa3+ 61. Ke4 Qe7+ 62. Kxf4 Qf7+ 63. Kg3 Qxc4 64.
a7 Qd3+ 65. Kf4 Qa3 66. h5 Qa4+ 67. Ke5 g5 68. hxg6+ Kg7 69. Qf6+ Kg8 70. Qf7+
Kh8 71. Qh7# 1-0

[Event "Youth Classic 2018 - Youth Open U14"]
[Site "Bad Soden-Neuenhain, Bürgerhau"]
[Date "2018.10.02"]
[Round "6.18"]
[White "Stapel, Max"]
[Black "Nastassine, Tatiana"]
[Result "1/2-1/2"]
[WhiteElo "1035"]
[BlackElo "737"]
[PlyCount "54"]
[EventDate "2018.??.??"]
[WhiteTeam "SC Flörsheim"]
[BlackTeam "Frankfurter TV"]

1. e4 c5 2. Nc3 d6 3. Bc4 Nf6 4. Nf3 g6 5. O-O Bg7 6. h3 O-O 7. d3 Nc6 8. Bg5
Bd7 9. Re1 Qc7 10. Bxf6 Bxf6 11. Nd5 Qc8 12. Nxf6+ exf6 13. c3 b6 14. Bd5 Kg7
15. d4 Rb8 16. e5 Ne7 17. exf6+ Kxf6 18. c4 Re8 19. Qd2 Kg7 20. Qf4 Nf5 21.
Rxe8 Bxe8 22. Qg4 Qd7 23. Rd1 Qe7 24. Qg5 Qc7 25. dxc5 bxc5 26. Nh4 Bd7 27. Be4
Nxh4 1/2-1/2

[Event "Youth Classic 2018 - Youth Open U14"]
[Site "Bad Soden-Neuenhain, Bürgerhau"]
[Date "2018.10.02"]
[Round "6.21"]
[White "Akhmatovski, Maxim"]
[Black "Nonn, Julian"]
[Result "1-0"]
[WhiteElo "1056"]
[BlackElo "802"]
[PlyCount "89"]
[EventDate "2018.??.??"]
[WhiteTeam "SV Oberursel"]
[BlackTeam "SVG Eppstein"]

1. e4 e5 2. Nf3 Nc6 3. Nc3 Bc5 4. Bb5 Nf6 5. Bxc6 bxc6 6. Nxe5 O-O 7. d4 Bb4 8.
Bg5 h6 9. Bh4 g5 10. Bg3 d6 11. Nxc6 Qe8 12. Nxb4 Nxe4 13. Nxe4 Qxe4+ 14. Qe2
Qxe2+ 15. Kxe2 Re8+ 16. Kf1 Re7 17. Re1 Rxe1+ 18. Kxe1 Bb7 19. f3 Re8+ 20. Kf2
f5 21. f4 gxf4 22. Bxf4 c5 23. dxc5 dxc5 24. Nd3 Ba6 25. Nxc5 Bb5 26. Re1 Rxe1
27. Kxe1 Kf7 28. Kd2 Ke7 29. Ke3 Kd8 30. Kd4 h5 31. c4 Bc6 32. g3 Ke7 33. b4
Kd8 34. b5 Be8 35. a4 Ke7 36. a5 Kd8 37. b6 axb6 38. axb6 Bc6 39. b7 Bh1 40.
b8=Q+ Ke7 41. Qd6+ Kf7 42. Qe6+ Kf8 43. Nd7+ Kg7 44. Qf6+ Kg8 45. Bh6 1-0

[Event "Youth Classic 2018 - Youth Open U14"]
[Site "Bad Soden-Neuenhain, Bürgerhau"]
[Date "2018.10.02"]
[Round "6.23"]
[White "Staab, Aaron"]
[Black "Wolf, Jonathan"]
[Result "0-1"]
[WhiteElo "875"]
[BlackElo "842"]
[PlyCount "44"]
[EventDate "2018.??.??"]
[WhiteTeam "SC Nidderau"]
[BlackTeam "SV Frankfurt Nord"]

1. e4 e5 2. Nf3 Nc6 3. Bc4 Bc5 4. d3 d6 5. Ng5 Be6 6. Bb3 Bxb3 7. axb3 Nf6 8.
O-O Nd4 9. c3 Nc6 10. b4 Bb6 11. b5 Ne7 12. Qb3 d5 13. Nf3 c6 14. Bg5 h6 15.
Bxf6 gxf6 16. c4 d4 17. bxc6 bxc6 18. Rc1 Qb8 19. c5 Bxc5 20. Qxb8+ Rxb8 21.
Rxc5 Rxb2 22. Rxa7 Rxb1+ 0-1

[Event "Youth Classic 2018 - Youth Open U14"]
[Site "Bad Soden-Neuenhain, Bürgerhau"]
[Date "2018.10.02"]
[Round "7.1"]
[White "Gallasch, Jonas"]
[Black "Buchholz, Maja"]
[Result "1-0"]
[WhiteElo "2045"]
[BlackElo "1327"]
[PlyCount "145"]
[EventDate "2018.??.??"]
[WhiteTeam "SG Porz"]
[BlackTeam "SK Langen"]

1. Nf3 Nf6 2. c4 g6 3. d4 Bg7 4. Nc3 O-O 5. e4 d6 6. h3 b6 7. Bd3 Nbd7 8. e5
dxe5 9. dxe5 Nc5 10. Bc2 Qxd1+ 11. Kxd1 Rd8+ 12. Ke2 Nfd7 13. Bf4 Ne6 14. Bh2
Bb7 15. Be4 Bxe4 16. Nxe4 a5 17. Rad1 a4 18. Rhe1 Ndc5 19. Nxc5 Nxc5 20. Nd4 a3
21. b3 Ne4 22. Ke3 Nc3 23. Ra1 c5 24. Nc6 Rd7 25. Rec1 Nxa2 26. Rxa2 e6 27. b4
cxb4 28. Nxb4 Rb7 29. Nd3 b5 30. cxb5 Rxb5 31. Rc3 Bf8 32. f4 Kg7 33. Bg3 Be7
34. Be1 Ra4 35. Kf3 Rb1 36. Bf2 Rb5 37. Bc5 Bxc5 38. Nxc5 Raa5 39. Ne4 Rb2 40.
Raxa3 Rxa3 41. Rxa3 Rb7 42. Nd6 Rd7 43. Rb3 f6 44. Ne8+ Kf7 45. Nxf6 Rc7 46.
Nxh7 Kg7 47. Ng5 Rc6 48. Rb7+ Kf8 49. Rc7 Rb6 50. Rc8+ Ke7 51. Rg8 Rb3+ 52. Kg4
Rb2 53. g3 Rb6 54. Rxg6 Rc6 55. Rxe6+ Rxe6 56. Nxe6 Kxe6 57. Kg5 Kf7 58. f5 Ke7
59. f6+ Kf7 60. Kf5 Kf8 61. e6 Ke8 62. Kg6 Kf8 63. f7 Ke7 64. Kg7 Kxe6 65. f8=Q
Ke5 66. Qf4+ Kd5 67. Kf6 Kc5 68. Ke6 Kc6 69. Qc4+ Kb6 70. Kd6 Kb7 71. Qb5+ Ka7
72. Kc6 Ka8 73. Qb7# 1-0

[Event "Youth Classic 2018 - Youth Open U14"]
[Site "Bad Soden-Neuenhain, Bürgerhau"]
[Date "2018.10.02"]
[Round "7.2"]
[White "Gräf, Jakob"]
[Black "Haack, Kevin"]
[Result "1-0"]
[WhiteElo "1520"]
[BlackElo "1870"]
[PlyCount "223"]
[EventDate "2018.??.??"]
[WhiteTeam "SV Frankfurt Nord"]
[BlackTeam "SC Bad Soden"]

1. e4 c5 2. c3 Nf6 3. e5 Nd5 4. d4 cxd4 5. cxd4 e6 6. Nf3 Nc6 7. Bc4 Nb6 8. Bb3
d6 9. O-O dxe5 10. dxe5 Be7 11. Qxd8+ Bxd8 12. Nc3 O-O 13. Be3 Bc7 14. Rfd1
Nxe5 15. Nxe5 Bxe5 16. Bxb6 axb6 17. Rac1 Bf4 18. Rc2 e5 19. Nd5 Bf5 20. Ne7+
Kh8 21. Nxf5 Rad8 22. Rxd8 Rxd8 23. g3 Bg5 24. Rc7 g6 25. h4 Bd2 26. Ne7 f5 27.
Rc8 Rxc8 28. Nxc8 Bc1 29. Nxb6 Bxb2 30. Bd5 Bd4 31. Nc4 b6 32. a4 Kg7 33. Kf1
Kf6 34. f3 h6 35. Ke2 g5 36. hxg5+ hxg5 37. g4 e4 38. gxf5 exf3+ 39. Kxf3 Kxf5
40. Be4+ Ke6 41. Kg4 Kf6 42. Bc6 Bc5 43. Nd2 Be3 44. Nf3 Bf4 45. Nd4 Be3 46.
Nb5 Bc5 47. Nc3 Kg6 48. Be8+ Kh6 49. Ne4 Be3 50. Nd6 Bf4 51. Nf7+ Kg7 52. Nxg5
Bd2 53. Bb5 Kf8 54. Kf5 Ke7 55. Ne4 Bb4 56. Ke5 Kd8 57. Kd5 Kc7 58. Nf6 Ba3 59.
Ne8+ Kb7 60. Ke6 Kc8 61. Nd6+ Kc7 62. Ne4 Bb4 63. Nf6 Bc5 64. Nd5+ Kc8 65. Kf7
Kd8 66. Nf4 Be3 67. Ne6+ Kc8 68. Ke8 Bf2 69. Ba6+ Kb8 70. Kd7 Ka7 71. Bb5 Kb7
72. Nd8+ Kb8 73. Kc6 Kc8 74. Nb7 Bd4 75. Nd6+ Kb8 76. Ba6 Ka7 77. Bb7 Kb8 78.
Nc8 Bg1 79. Ba6 Bf2 80. Kb5 Kc7 81. Ne7 Kd6 82. Nf5+ Ke6 83. Nh6 Bg1 84. Ng4
Kf5 85. Nh6+ Ke6 86. Kc6 Kf6 87. Ng8+ Kf7 88. Bc4+ Ke8 89. Nf6+ Kd8 90. Nd5 Kc8
91. Nxb6+ Kb8 92. Kb5 Ka7 93. a5 Bf2 94. Nc8+ Kb7 95. Ne7 Ka7 96. Nc6+ Kb7 97.
Bd5 Kc7 98. a6 Bg1 99. Na5 Bf2 100. Nb3 Ba7 101. Nc5 Bb8 102. Ne6+ Kd7 103. Kb6
Kc8 104. Bc6 Ba7+ 105. Kb5 Kb8 106. Bd5 Kc8 107. Kc6 Kb8 108. Nc5 Kc8 109. Be6+
Kb8 110. Nd7+ Ka8 111. Nb6+ Kb8 112. Bd5 1-0

[Event "Youth Classic 2018 - Youth Open U14"]
[Site "Bad Soden-Neuenhain, Bürgerhau"]
[Date "2018.10.02"]
[Round "7.3"]
[White "Riemann, Jonas"]
[Black "Abou Wally, Adrian"]
[Result "1-0"]
[WhiteElo "1785"]
[BlackElo "1313"]
[PlyCount "63"]
[EventDate "2018.??.??"]
[WhiteTeam "SK Bickenbach"]
[BlackTeam "SV Schott Jena"]

1. e4 e5 2. Nf3 Nc6 3. Bc4 Bc5 4. c3 Nf6 5. d4 exd4 6. cxd4 Bb4+ 7. Bd2 Bxd2+
8. Nbxd2 d5 9. exd5 Nxd5 10. O-O O-O 11. Ne5 Nxe5 12. dxe5 Nb6 13. Bb3 Bf5 14.
Re1 Re8 15. Nc4 Nxc4 16. Bxc4 Re7 17. Qb3 b6 18. Rad1 Qe8 19. f4 Be6 20. Bxe6
Rxe6 21. Qc3 c5 22. f5 Rc6 23. Qf3 Rac8 24. Qd5 g6 25. e6 gxf5 26. e7 R6c7 27.
Qxf5 Rc6 28. Qg4+ Kh8 29. Qd7 Kg7 30. Qxc6 Rxc6 31. Rd8 Rc8 32. Rxc8 1-0

[Event "Youth Classic 2018 - Youth Open U14"]
[Site "Bad Soden-Neuenhain, Bürgerhau"]
[Date "2018.10.02"]
[Round "7.4"]
[White "Gold, Jan Christian"]
[Black "Lorenz, Alexander"]
[Result "0-1"]
[WhiteElo "831"]
[BlackElo "1748"]
[PlyCount "46"]
[EventDate "2018.??.??"]
[WhiteTeam "SK Bad Homburg"]
[BlackTeam "SV Bergwinkel"]

1. d4 Nf6 2. c4 g6 3. Nc3 Bg7 4. Bf4 O-O 5. Nf3 d6 6. e3 c5 7. g3 cxd4 8. exd4
Bg4 9. Bg2 Nc6 10. O-O Nh5 11. d5 Nd4 12. Be3 Nxf3+ 13. Bxf3 Bxf3 14. Qxf3 Qd7
15. Kg2 a6 16. Rfe1 Rac8 17. Na4 Qxa4 18. Bg5 Nf6 19. Rxe7 Nd7 20. Rae1 Ne5 21.
Qe3 Nxc4 22. Qe2 Ne5 23. Bf4 Rc2 0-1

[Event "Youth Classic 2018 - Youth Open U14"]
[Site "Bad Soden-Neuenhain, Bürgerhau"]
[Date "2018.10.02"]
[Round "7.5"]
[White "Markosyan, Aleksandr"]
[Black "Goetz, Fenja"]
[Result "1-0"]
[WhiteElo "1559"]
[BlackElo "1343"]
[PlyCount "45"]
[EventDate "2018.??.??"]
[WhiteTeam "SG Idstein"]
[BlackTeam "SK Bad Homburg"]

1. e4 c5 2. Nf3 Nc6 3. c3 d6 4. d4 Bg4 5. Be2 Nf6 6. O-O Nxe4 7. d5 Nb8 8. Qa4+
Qd7 9. Qxe4 Bf5 10. Qe3 g6 11. Bd3 Bg7 12. Re1 Bxd3 13. Qxd3 O-O 14. Bf4 Na6
15. Nbd2 Nc7 16. Re2 Rad8 17. Rae1 Rfe8 18. Nc4 b6 19. Bg5 Bf6 20. Qd2 Qa4 21.
b3 Qd7 22. Ne3 Bg7 23. h3 1-0

[Event "Youth Classic 2018 - Youth Open U14"]
[Site "Bad Soden-Neuenhain, Bürgerhau"]
[Date "2018.10.02"]
[Round "7.6"]
[White "von Beckh, Frieda"]
[Black "Zhu, Andy"]
[Result "0-1"]
[WhiteElo "1262"]
[BlackElo "1444"]
[PlyCount "146"]
[EventDate "2018.??.??"]
[WhiteTeam "SC Eschborn"]
[BlackTeam "Frankfurter TV"]

1. e4 e5 2. Nf3 Nc6 3. d4 exd4 4. Bc4 Bc5 5. O-O d6 6. Re1 Nf6 7. Bg5 O-O 8.
Nbd2 h6 9. Bh4 Bg4 10. h3 Bh5 11. Nb3 Ne5 12. Be2 Bb4 13. Rf1 Re8 14. Nbxd4 Ng6
15. c3 Bc5 16. Bxf6 Qxf6 17. Qd3 Nf4 18. Qc2 Bg6 19. Bb5 Bxe4 20. Qd1 c6 21.
Ba4 Qg6 22. g3 Nxh3+ 23. Kh2 Qh5 24. Nh4 Qxd1 25. Raxd1 Ng5 26. f3 Bd5 27. Nhf5
Bxd4 28. Nxd4 Re3 29. Kg2 c5 30. Nf5 Re2+ 31. Rf2 Bxf3+ 32. Kf1 Rxf2+ 33. Kxf2
Bxd1 34. Bxd1 d5 35. Bb3 Rd8 36. Ne7+ Kf8 37. Nxd5 b5 38. Ke2 c4 39. Bxc4 bxc4
40. Ne3 Ne4 41. Kf3 Nd2+ 42. Ke2 Ke7 43. Nf5+ Kf6 44. Nd4 Ne4 45. Kf3 Nxg3 46.
Kxg3 Rg8 47. b3 cxb3 48. axb3 g5 49. c4 Rd8 50. Nf3 Kf5 51. b4 Rd3 52. Kg2 g4
53. Ne1 Rd2+ 54. Kg3 h5 55. c5 Ke4 56. c6 Rd8 57. b5 Rc8 58. Nc2 f5 59. Ne1 f4+
60. Kf2 g3+ 61. Kg2 Rf8 62. Nf3 h4 63. Nxh4 f3+ 64. Nxf3 Rxf3 65. c7 Rc3 66.
c8=Q Rxc8 67. Kxg3 Rf8 68. Kg4 Rg8+ 69. Kh4 Kf5 70. Kh3 Kf4 71. Kh2 Kf3 72. Kh1
Kf2 73. Kh2 Rh8# 0-1

[Event "Youth Classic 2018 - Youth Open U14"]
[Site "Bad Soden-Neuenhain, Bürgerhau"]
[Date "2018.10.02"]
[Round "7.7"]
[White "Burkart, Lloyd Shang"]
[Black "Ruppert, Henry"]
[Result "1/2-1/2"]
[WhiteElo "1157"]
[BlackElo "1162"]
[PlyCount "60"]
[EventDate "2018.??.??"]
[WhiteTeam "TuS Makkabi"]
[BlackTeam "SC Flörsheim"]

1. d4 f5 2. Bg5 h6 3. Bh4 Nf6 4. Bxf6 exf6 5. e3 Nc6 6. c4 Bb4+ 7. Nc3 a6 8.
Bd3 g6 9. Nge2 d6 10. Qc2 Bd7 11. Nf4 Ne7 12. a3 Bxc3+ 13. Qxc3 g5 14. Ne2 c6
15. f3 Qc7 16. Ng3 O-O-O 17. O-O-O d5 18. c5 f4 19. exf4 Qxf4+ 20. Kb1 Nf5 21.
Nxf5 Bxf5 22. Bxf5+ Qxf5+ 23. Qc2 Qxc2+ 24. Kxc2 Rhe8 25. Rhe1 Rxe1 26. Rxe1
Kd7 27. Kd3 Re8 28. Rxe8 Kxe8 29. Ke3 f5 30. f4 g4 1/2-1/2

[Event "Youth Classic 2018 - Youth Open U14"]
[Site "Bad Soden-Neuenhain, Bürgerhau"]
[Date "2018.10.02"]
[Round "7.8"]
[White "Haller, Andreas"]
[Black "Plaumann, Arvin"]
[Result "0-1"]
[WhiteElo "1185"]
[BlackElo "1269"]
[PlyCount "102"]
[EventDate "2018.??.??"]
[WhiteTeam "SC Bad Soden"]
[BlackTeam "SF Heidesheim"]

1. e4 e6 2. d4 d5 3. Nc3 Bb4 4. Bd2 c5 5. dxc5 Bxc5 6. Nf3 dxe4 7. Nxe4 Bb6 8.
Bb5+ Bd7 9. Bxd7+ Nxd7 10. O-O Ngf6 11. Nxf6+ Qxf6 12. Rb1 Ne5 13. Bc3 Nxf3+
14. Qxf3 Qxf3 15. gxf3 O-O 16. Rbd1 Rad8 17. f4 f6 18. Rfe1 Kf7 19. Rd2 Rxd2
20. Bxd2 Rd8 21. Be3 Bxe3 22. fxe3 Rd2 23. Rc1 Kg6 24. e4 Re2 25. f5+ exf5 26.
exf5+ Kxf5 27. Kh1 g5 28. h3 h5 29. Rf1+ Ke4 30. Kg1 f5 31. c4 Rxb2 32. Re1+
Kd4 33. a4 Kxc4 34. Re5 g4 35. hxg4 hxg4 36. Rxf5 g3 37. Rf7 a5 38. Rf4+ Kb3
39. Rf3+ Kxa4 40. Rxg3 b5 41. Kf1 Rc2 42. Ke1 b4 43. Rg4 Ka3 44. Kd1 b3 45. Rg5
a4 46. Rb5 Ka2 47. Ra5 a3 48. Rb5 Rh2 49. Rb4 b2 50. Rc4 b1=Q+ 51. Rc1 Qd3+ 0-1

[Event "Youth Classic 2018 - Youth Open U14"]
[Site "Bad Soden-Neuenhain, Bürgerhau"]
[Date "2018.10.02"]
[Round "7.9"]
[White "Leithoff, Hans-Georg"]
[Black "Schmid, Leon"]
[Result "0-1"]
[WhiteElo "1413"]
[BlackElo "1144"]
[PlyCount "60"]
[EventDate "2018.??.??"]
[WhiteTeam "SV Eisenach"]
[BlackTeam "SF Heidesheim"]

1. e4 e6 2. Qe2 Be7 3. Nc3 d5 4. exd5 exd5 5. d4 Nf6 6. Nf3 O-O 7. g3 Bb4 8.
Qd3 h6 9. Bg2 Re8+ 10. Be3 Nc6 11. O-O Ne4 12. Bd2 Bf5 13. Nxe4 dxe4 14. Qb5
exf3 15. Bxb4 fxg2 16. Kxg2 Nxb4 17. Qxf5 Qxd4 18. c3 Qd5+ 19. Qxd5 Nxd5 20.
Rad1 Nf6 21. Rd4 Re4 22. Rd2 Rae8 23. Kf3 Re1 24. Rxe1 Rxe1 25. h4 Re5 26. Kf4
Re6 27. g4 Re4+ 28. Kf5 Rxg4 29. Rd8+ Kh7 30. h5 Rg5+ 0-1

[Event "Youth Classic 2018 - Youth Open U14"]
[Site "Bad Soden-Neuenhain, Bürgerhau"]
[Date "2018.10.02"]
[Round "7.10"]
[White "Tryfon, Konstantin"]
[Black "Mader, Fabian"]
[Result "1/2-1/2"]
[WhiteElo "1159"]
[BlackElo "1204"]
[PlyCount "81"]
[EventDate "2018.??.??"]
[WhiteTeam "SV Hofheim"]
[BlackTeam "VfR-SC Koblenz"]

1. e4 e6 2. d4 d5 3. exd5 exd5 4. g3 Nf6 5. Bg2 Nc6 6. Nc3 h6 7. Nf3 Bg4 8. Be3
Be7 9. O-O Qd7 10. Bf4 O-O-O 11. Nb5 Bd6 12. Nxd6+ cxd6 13. Qd3 Rhe8 14. Qc3
Ne4 15. Qd3 g5 16. Be3 Bxf3 17. Bxf3 f5 18. Bg2 Rf8 19. f3 Nf6 20. Bh3 g4 21.
fxg4 fxg4 22. Bg2 h5 23. Bg5 Qg7 24. Qf5+ Nd7 25. Qxd5 Nb6 26. Qe6+ Rd7 27. Bh6
Qxd4+ 28. Kh1 Rxf1+ 29. Rxf1 Qxb2 30. Rf8+ Kc7 31. Qe8 Qe5 32. Bxc6 Qxe8 33.
Rxe8 bxc6 34. Bf4 Nd5 35. Ra8 Kb7 36. Rh8 Nf6 37. Rh6 Rf7 38. Bxd6 Ne4 39. Bf4
Rf5 40. Rh7+ Kb6 41. Be3+ 1/2-1/2

[Event "Youth Classic 2018 - Youth Open U14"]
[Site "Bad Soden-Neuenhain, Bürgerhau"]
[Date "2018.10.02"]
[Round "7.11"]
[White "Richter, Tim"]
[Black "Hery, Bastian"]
[Result "1/2-1/2"]
[WhiteElo "1115"]
[BlackElo "1096"]
[PlyCount "110"]
[EventDate "2018.??.??"]
[WhiteTeam "SF Heidesheim"]
[BlackTeam "Vorw.Orient Mainz"]

1. d4 Nf6 2. Bf4 e6 3. e3 Bb4+ 4. c3 Be7 5. h3 d5 6. Nf3 O-O 7. c4 c6 8. c5
Qa5+ 9. Qd2 Qxd2+ 10. Nbxd2 b6 11. b4 Ba6 12. Bxa6 Nxa6 13. a3 Rfc8 14. Rd1 Nb8
15. O-O Nbd7 16. Rfe1 b5 17. Ra1 a5 18. Bh2 Ra6 19. Nb3 Bd8 20. Nbd2 Rca8 21.
Nb3 Ne4 22. Kf1 Nc3 23. Rec1 axb4 24. axb4 Rxa1 25. Rxa1 Rxa1+ 26. Nxa1 Na2 27.
Nc2 Kf8 28. Nfe1 Nf6 29. f3 Nc3 30. Nd3 Ke8 31. Bg3 Nh5 32. Be1 Na4 33. Ke2 Bc7
34. f4 Nf6 35. Na3 Ne4 36. Nb1 f6 37. Nf2 Nxf2 38. Kxf2 Nb2 39. Ke2 Nc4 40. Nd2
Kf7 41. g3 h6 42. h4 Kg6 43. Nxc4 dxc4 44. Kf3 f5 45. Kg2 Kh5 46. Kf3 Bd8 47.
Bd2 g5 48. hxg5 hxg5 49. Be1 gxf4 50. Kxf4 Bf6 51. Bc3 Kg6 52. Bb2 Bg7 53. Bc3
Bh6+ 54. Kf3 Kh5 55. Bd2 Bf8 1/2-1/2

[Event "Youth Classic 2018 - Youth Open U14"]
[Site "Bad Soden-Neuenhain, Bürgerhau"]
[Date "2018.10.02"]
[Round "7.12"]
[White "Czinkota, Michael"]
[Black "Politoukhin, Nikolaj"]
[Result "0-1"]
[WhiteElo "1267"]
[BlackElo "982"]
[PlyCount "58"]
[EventDate "2018.??.??"]
[WhiteTeam "SC Bad Soden"]
[BlackTeam "SC Flörsheim"]

1. e4 d5 2. exd5 Qxd5 3. Nc3 Qa5 4. d4 Nf6 5. Bd2 c6 6. Nf3 Bg4 7. h3 Bh5 8.
Be2 e6 9. Ne4 Qd8 10. Bg5 Be7 11. Ng3 Bg6 12. Ne5 Nd5 13. Nxg6 hxg6 14. Bd2 Bf6
15. c3 O-O 16. Bd3 Qe7 17. Qg4 Nd7 18. O-O-O N7b6 19. h4 a5 20. h5 g5 21. Rh2
Nf4 22. Bxf4 gxf4 23. Qxf4 Bg5 24. Qxg5 Qxg5+ 25. Kb1 g6 26. Rdh1 f5 27. hxg6
Qxg6 28. Rh8+ Kf7 29. R1h7+ Ke8 0-1

[Event "Youth Classic 2018 - Youth Open U14"]
[Site "Bad Soden-Neuenhain, Bürgerhau"]
[Date "2018.10.02"]
[Round "7.13"]
[White "Haller, Christian"]
[Black "Edelmann, Anastasija"]
[Result "1/2-1/2"]
[WhiteElo "1160"]
[BlackElo "864"]
[PlyCount "59"]
[EventDate "2018.??.??"]
[WhiteTeam "SC Bad Soden"]
[BlackTeam "SC Frankfurt-West"]

1. e4 e5 2. Nf3 Nc6 3. Bc4 Nf6 4. Nc3 Bb4 5. d3 d6 6. Bd2 Nd4 7. O-O O-O 8. h3
Bd7 9. a3 Bxc3 10. Bxc3 Nxf3+ 11. Qxf3 Qe7 12. Bd2 h6 13. Qg3 Nh5 14. Qg6 Qh4
15. Bxh6 Rfe8 16. Be3 Be6 17. Bxe6 Rxe6 18. Qg4 Qxg4 19. hxg4 Nf6 20. f3 a6 21.
Rfd1 d5 22. Rac1 Rd8 23. c4 c6 24. g3 Rd7 25. b4 Red6 26. c5 Re6 27. Rd2 Re8
28. Rb2 dxe4 29. dxe4 Rd3 30. Bf2 1/2-1/2

[Event "Youth Classic 2018 - Youth Open U14"]
[Site "Bad Soden-Neuenhain, Bürgerhau"]
[Date "2018.10.02"]
[Round "7.14"]
[White "Wisniewski, Niklas Lorenz"]
[Black "Seemann, Max"]
[Result "1-0"]
[WhiteElo "977"]
[BlackElo "1060"]
[PlyCount "115"]
[EventDate "2018.??.??"]
[WhiteTeam "SC Bad Soden"]
[BlackTeam "SG Idstein"]

1. d4 d5 2. c4 c6 3. Nc3 Nf6 4. Bg5 Be6 5. Nf3 Nbd7 6. e3 Bg4 7. a3 e6 8. Be2
b6 9. Nd2 Bxe2 10. Qxe2 h6 11. Bh4 Be7 12. Bxf6 Bxf6 13. cxd5 cxd5 14. Nb5 O-O
15. O-O a6 16. Nc3 Re8 17. Nf3 e5 18. Nxd5 exd4 19. Nxf6+ Qxf6 20. Qd2 Ne5 21.
Nxe5 Rxe5 22. Qxd4 Rd8 23. Qc3 Qd6 24. h3 Rc5 25. Qb4 a5 26. Qb3 Qc6 27. Rfd1
Rxd1+ 28. Rxd1 Qc7 29. Qd3 Kf8 30. Qd8+ Qxd8 31. Rxd8+ Ke7 32. Rd2 a4 33. Kf1
b5 34. Ke2 Ke6 35. Kd1 Rg5 36. f3 Rc5 37. Rc2 Rd5+ 38. Rd2 Rh5 39. Rd4 Rg5 40.
Rg4 Kf5 41. Rxg5+ hxg5 42. Ke2 f6 43. e4+ Kf4 44. Kf2 g6 45. g3+ Ke5 46. Ke3 f5
47. g4 Ke6 48. Kd4 f4 49. e5 Kf7 50. Kc5 Ke6 51. Kd4 Kd7 52. Kd5 Ke7 53. e6 Kd8
54. Kd6 Ke8 55. e7 Kf7 56. Kd7 Kf6 57. e8=Q b4 58. Qe7# 1-0

[Event "Youth Classic 2018 - Youth Open U14"]
[Site "Bad Soden-Neuenhain, Bürgerhau"]
[Date "2018.10.02"]
[Round "7.17"]
[White "Viebahn, Tim"]
[Black "Stapel, Max"]
[Result "1/2-1/2"]
[WhiteElo "1154"]
[BlackElo "1035"]
[PlyCount "88"]
[EventDate "2018.??.??"]
[WhiteTeam "SV Oberursel"]
[BlackTeam "SC Flörsheim"]

1. d4 d5 2. Bf4 Nc6 3. Nc3 Nf6 4. Nb5 e5 5. dxe5 Ng4 6. e6 Nge5 7. exf7+ Kxf7
8. Bxe5 Nxe5 9. Nf3 Nxf3+ 10. exf3 Qe8+ 11. Qe2 Qxe2+ 12. Bxe2 c6 13. Nc7 Rb8
14. O-O Bd6 15. Nxd5 cxd5 16. Rad1 Re8 17. Bb5 Re5 18. c4 dxc4 19. Bxc4+ Ke7
20. Rfe1 Rxe1+ 21. Rxe1+ Kd8 22. Bd3 h6 23. Rd1 Be6 24. Bb1 Kd7 25. a3 Rc8 26.
h3 Bb3 27. Re1 Bc2 28. Ba2 Ba4 29. Be6+ Kc7 30. Bxc8 Kxc8 31. Rc1+ Kd7 32. Rc4
b5 33. Rc3 Be5 34. Rd3+ Kc6 35. b3 Bxb3 36. Rxb3 a5 37. Re3 Bd6 38. Kf1 Bc5 39.
Re6+ Bd6 40. Ke2 Kd5 41. Re4 Bxa3 42. Kd3 b4 43. Kc2 a4 44. Kb1 Kc5 1/2-1/2

[Event "Youth Classic 2018 - Youth Open U14"]
[Site "Bad Soden-Neuenhain, Bürgerhau"]
[Date "2018.10.02"]
[Round "7.19"]
[White "Nastassine, Tatiana"]
[Black "Gärtner, Johannes"]
[Result "0-1"]
[WhiteElo "737"]
[BlackElo "1071"]
[PlyCount "76"]
[EventDate "2018.??.??"]
[WhiteTeam "Frankfurter TV"]
[BlackTeam "SF Heidesheim"]

1. e4 e6 2. Nf3 d5 3. Nc3 Nf6 4. d3 Bd6 5. Be2 Be7 6. Be3 c5 7. b3 d4 8. Nb1
dxe3 9. fxe3 Qa5+ 10. Nbd2 Ng4 11. Qc1 Nxe3 12. c3 Bf6 13. e5 Be7 14. Ne4 Nxg2+
15. Kf2 Nh4 16. Nxh4 Bxh4+ 17. Kg2 O-O 18. Rg1 Nc6 19. Kh1 Nxe5 20. Qh6 Ng6 21.
Bh5 gxh6 22. Bxg6 fxg6 23. Rg2 Qc7 24. Rag1 Qf4 25. a4 Qf3 26. b4 cxb4 27. cxb4
e5 28. Nc5 Bh3 29. Nb3 Bf2 30. Nd2 Qc6 31. b5 Qd5 32. Ne4 Bxg2+ 33. Rxg2 Rac8
34. h3 Qxd3 35. Nxf2 Rxf2 36. Rxf2 Qxh3+ 37. Kg1 Rc1+ 38. Rf1 Rxf1# 0-1